Tratado de Fisiología médica / (Record no. 77063)

MARC details
000 -LEADER
campo de control de longitud fija 00631nam a2200193 i 4500
001 - NÚMERO DE CONTROL
campo de control 77063
003 - IDENTIFICADOR DE NÚMERO DE CONTROL
campo de control ES-MaACL
005 - FECHA Y HORA DE LA ÚLTIMA TRANSACCIÓN
campo de control 20230906173058.0
007 - CAMPO FIJO DE DESCRIPCIÓN FÍSICA--INFORMACIÓN GENERAL
campo de control de longitud fija t|
008 - DATOS DE LONGITUD FIJA--INFORMACIÓN GENERAL
campo de control de longitud fija 041006s1977 mx ||||1| spa d
100 1# - ENTRADA PRINCIPAL--NOMBRE DE PERSONA
Nombre de persona Guyton, Arthur C.
9 (RLIN) 61279
245 10 - MENCIÓN DEL TÍTULO
Título Tratado de Fisiología médica /
Mención de responsabilidad, etc. Arthur C. Guyton ; traducido por Alberto Folch y Pi, Roberto Espinosa Zarza.
250 ## - MENCION DE EDICION
Mención de edición 5ª ed.
260 ## - PUBLICACIÓN, DISTRIBUCIÓN, ETC.
Lugar de publicación, distribución, etc. México :
Nombre del editor, distribuidor, etc. Interamericana,
Fecha de publicación, distribución, etc. [1977]
300 ## - DESCRIPCIÓN FÍSICA
Extensión XXX, 1159 p., 6 lám. :
Otras características físicas il. ;
Dimensiones 26 cm.
700 1# - ENTRADA AGREGADA--NOMBRE PERSONAL
Nombre de persona Folch i Pi, Alberto.
9 (RLIN) 51452
700 1# - ENTRADA AGREGADA--NOMBRE PERSONAL
Nombre de persona Espinosa Zarza, Roberto.
9 (RLIN) 47924
852 ## - LOCALIZACIÓN
Ubicación ES-MaACL
Número de control de estantería A-10824
Sublocalización o colección R.100129
Holdings
Estatus retirado Estado de pérdida Estado de daño No para préstamo Biblioteca de origen Biblioteca actual Ubicación en estantería Fecha de adquisición Fuente de adquisición Total de préstamos Signatura topográfica completa Código de barras Visto por última vez Precio de reemplazo Tipo de ítem Koha
        Biblioteca del Ateneo de Madrid Biblioteca del Ateneo de Madrid Depósito 1 17/01/2008     A-10824 1080632 23/02/2023 23/02/2023 Libro impreso